000 01245nam a2200265 b 4500
999 _c137
_d137
003 AR-BaISA
005 20220601184053.0
007 ta
008 061002s2009 sp ad ||| ||spa d
020 _a9788420648187
040 _cAR-BaISA
082 0 4 _222
_a378.170 28 M588
245 0 0 _aMetodologías de enseñanza y aprendizaje para el desarrollo de competencias:
_borientaciones para el profesorado universitario ante el espacio europeo de educación superior
_h[Texto impreso] /
_cCoordinado por Mario de Miguel Díaz
260 _aMadrid:
_bAlianza,
_c2009
300 _a230 p.:
_bil., graf.;
_c24 cm
490 1 _aEl libro universitario. Manuales. Psicología y educación
504 _aBibliografía: p. 225-230
505 _tMétodos y modalidades de enseñanza en la educación superior --
_tClases teóricas --
_tSeminarios y talleres --
_tClases prácticas --
_tPrácticas externas --
_tTutorías --
_tEstudio y trabajo en grupo --
_tEstudio y trabajo autónomos del estudiante
650 1 4 _aEducación basada en competencias
_9323
650 1 4 _aMétodo de enseñanza
_9324
650 1 4 _aFormación del profesorado
_9325
700 1 _aMiguel Díaz, Mario de
_9326
830 3 _9322
_aEl libro universitario
942 _2ddc
_cLI